000
00220 a2200097 4500
020
_a
9780571368686
100
_a
Keegan, Claire
245
_a
Small things like these
260
_b
Faber and Faber Ltd.
_c
2021
942
_c
OO
999
_c
115189
_d
115188